| 000 | 00572nam a22001697a 4500 | ||
|---|---|---|---|
| 003 | OSt | ||
| 005 | 20170105102932.0 | ||
| 020 | _a9789698535223 | ||
| 040 | _a1 | ||
| 082 |
_a327.17 _bHAS 2014 |
||
| 100 | _aHashmat, Shahid Ahmad | ||
| 245 |
_aInternational Conflict Resolution Role of the UN and OIC _cDr Shahid Ahmad Hashmat |
||
| 260 |
_aIslamabad _bNust _c2014 |
||
| 300 |
_a277 p, _b22 cm |
||
| 650 | _aConflict resolution,Global Peace and Security, the Organization of Islamic Cooperation (OIC), the OIC and Conflict Resolution, future role of OIC | ||
| 942 |
_2ddc _cBK |
||
| 999 |
_c16101 _d16101 |
||